Disneyland's Haunted Mansion Script Quiz Stats

 Plays Quiz Updated Feb 20, 2020

Support Sporcle.
Go Orange.
Score 0/150 Timer 10:00
0 Plays Today
% Correct
the
93.2%
the
93.2%
the
93.2%
the
93.2%
the
93.2%
a
92.5%
a
92.5%
I
89.2%
to
84.1%
To
84.1%
you
83.4%
you
83.4%
you
83.4%
Haunted
82.7%
haunted
82.7%
ghosts
81.7%
Mansion!
81.2%
ghost
81.2%
Welcome,
80.9%
and
79%
and
79%
and
79%
And
79%
and
79%
an
76.5%
is
75.4%
is
75.4%
Is
75.4%
is
75.4%
in
74.5%
in
74.5%
in
74.5%
in
74.5%
your
73.3%
your
73.3%
Your
73.3%
your
73.3%
no
70.6%
no
70.6%
no
70.6%
am
68.7%
of
68.4%
of
68.4%
of
68.4%
Of
68.4%
this
67.4%
this
67.4%
this
67.4%
This
67.4%
this
67.4%
% Correct
way
66.2%
way
66.2%
way.
66.2%
it
66.1%
my
65.4%
room
65.2%
room
65.2%
out!
65.1%
host,
64%
host.
64%
for
63.8%
are
60.9%
When
60.6%
when
60.6%
Or
60.1%
find
59.8%
There's
59.6%
there's
59.6%
all
58%
always
57.4%
doors,
57.3%
windows
55.9%
mortals,
55.7%
mortal
54.9%
course,
54.6%
has
53.1%
where
52.9%
where
52.9%
foolish
52.8%
stretching?
52.7%
imagination?
52.7%
their
51%
their
51%
please
50.9%
that
50.3%
actually
50.2%
time
49.7%
make
49.6%
chambers
49.6%
chamber
49.3%
see
49.1%
now.
49.1%
step
48.9%
Our
47.8%
our
47.8%
they
47.5%
everyone.
47.4%
here
47.3%
as
46.2%
as
46.2%
% Correct
back
46.1%
challenge:
44.5%
turning
44%
creak
43.7%
guests
43.4%
with
43.3%
halls,
41.9%
chilling
41.9%
hinges
41.2%
some
41%
which
40.9%
Kindly
40.2%
doorless
39.3%
state.
39.2%
present,
38.4%
through
37.5%
paintings
37.3%
tour
37.2%
air
36.5%
still,
36.1%
begins
36%
delight!
35.6%
sounds
35.5%
ghoulish
35.4%
deathly
35.1%
echo
34.9%
flicker
34.7%
terror
33.9%
candlelights
33.9%
practicing
33.5%
consider
33.4%
corruptible,
33.3%
gallery
33.1%
strange
32.9%
offers
32.9%
frightening
32.8%
appeared
32.1%
observation:
31.8%
aura
30.2%
dismaying
29.1%
whenever
29.1%
though
28.8%
foreboding,
28.5%
sense
28.5%
metamorphosis.
27.6%
cadaverous
27.1%
pallor
27.1%
disquieting
26.7%
almost
26.5%
betrays
25.5%

You're not logged in!

Compare scores with friends on all Sporcle quizzes.
OR
Log In

From the Vault

Word Cloud Titles II

by ubergerber

Get these words out of the clouds and back in the books where they belong.
Remove Ads.
Support Sporcle.
Get the best of Sporcle when you Go Orange. This ad-free experience offers more features, more stats, and more fun while also helping to support Sporcle. Thank you for becoming a member.

Show Comments

Extras

Top Quizzes Today


Score Distribution

Your Account Isn't Verified!

In order to create a playlist on Sporcle, you need to verify the email address you used during registration. Go to your Sporcle Settings to finish the process.

Report this User

Report this user for behavior that violates our Community Guidelines.

Details: